000 00482 a2200169 4500
003 OSt
005 20231229121406.0
008 231229b |||||||| |||| 00| 0 eng d
020 _a8188720666
040 _coclc
082 _a891.431
_bYAD/J
100 _aYadav, Rajendra
_910195
245 _aJAVAB DO VIKRAMADITYA /
_cRajendra Yadav
260 _aNew Delhi:
_bVani Prakashan,
_c2015.
300 _a267p
942 _2ddc
_cBK
_h891.431
_iYAD/J
_k891.431
_mYAD/J
999 _c43621
_d43621